The Clinton Justice Department's refusal to enforce the law on voluntary confessions : hearing before the Subcommittee on Criminal Justice Oversight of the Committee on the Judiciary, United States Senate, One Hundred Sixth Congress, first session, on examining ... 18 U.S.C. 3501, which governs the admissibility of voluntary confessions in federal court, and the impact of the Miranda rights, May 13, 1999.

Bibliographic Details
Corporate Authors: United States. Congress. Senate. Committee on the Judiciary. Subcommittee on Criminal Justice Oversight, ProQuest (Firm)
Format: Government Document eBook
Language:English
Published: Washington : U.S. G.P.O. : 1999.
Series:U.S. Congressional Hearings.
Subjects:
Online Access:Connect to the full text of this electronic book

MARC

Tag First Indicator Second Indicator Subfields
LEADER 00000cam a22000001a 4500
001 in00003248607
006 m d f
007 cr bn mmmapmmp
008 090922s1999 dcua ob f000 0 eng d
005 20260504145937.2
035 |a cis2007472006 
040 |a UMI  |c UMI  |d UtOrBLW 
043 |a n-us--- 
074 |a 1042-A 
074 |a 1042-B (MF) 
086 0 |a Y 4.J 89/2:S.HRG.106-237 
088 |a Serial no. J-106-27 (United States. Congress. Senate. Committee on the Judiciary) 
099 |a HRG-1999-SJS-0018 
110 1 |a United States.  |b Congress.  |b Senate.  |b Committee on the Judiciary.  |b Subcommittee on Criminal Justice Oversight. 
245 1 4 |a The Clinton Justice Department's refusal to enforce the law on voluntary confessions :  |b hearing before the Subcommittee on Criminal Justice Oversight of the Committee on the Judiciary, United States Senate, One Hundred Sixth Congress, first session, on examining ... 18 U.S.C. 3501, which governs the admissibility of voluntary confessions in federal court, and the impact of the Miranda rights, May 13, 1999. 
264 1 |a Washington :  |b U.S. G.P.O. :  |c 1999. 
264 2 |a Washington :  |b For sale by the U.S. G.P.O., Supt. of Docs., Congressional Sales Office, 
300 |a 1 online resource. 
336 |a text  |b txt  |2 rdacontent 
337 |a computer  |b c  |2 rdamedia 
338 |a online resource  |b cr  |2 rdacarrier 
490 1 |a S. hrg. ;  |v 106-237 
500 |a Record is based on bibliographic data in ProQuest Congressional Hearings Digital Collection. Reuse except for individual research requires license from ProQuest, LLC. 
504 |a Includes bibliographical references. 
538 |a System requirements: PDF reader software. 
500 |a Electronic resource. 
610 1 0 |a United States.  |b Department of Justice. 
650 0 |a Confession (Law)  |z United States. 
650 0 |a Right to counsel  |z United States. 
650 0 |a Prosecution  |z United States. 
650 0 |a Criminal law  |z United States. 
655 7 |a Electronic books.  |2 local 
710 2 |a ProQuest (Firm) 
776 0 8 |i Print version:  |a United States. Congress. Senate. Committee on the Judiciary. Subcommittee on Criminal Justice Oversight.  |t Clinton Justice Department's refusal to enforce the law on voluntary confessions  |w (OCoLC)ocm43450650  |w (GPO)99044838 
776 0 8 |i Microfiche version:  |a United States. Congress. Senate. Committee on the Judiciary. Subcommittee on Criminal Justice Oversight.  |t Clinton Justice Department's refusal to enforce the law on voluntary confessions.  |d [Bethesda, Md.] : ProQuest,[2004]  |o CIS 00 S521-1  |w (ProQuest)cis00002365 
810 1 |a United States.  |b Congress.  |b Senate.  |t S. hrg. ;  |v 106-237. 
830 0 |a U.S. Congressional Hearings. 
856 4 0 |u http://proxy.library.tamu.edu/login?url=https://congressional.proquest.com/congcomp/getdoc?HEARING-ID=HRG-1999-SJS-0018  |z Connect to the full text of this electronic book  |t 0 
998 |a cis00002365 
999 |a MARS 
999 f f |s 3919d553-95aa-3e42-86d7-2dafc9b434dc  |i 188c70af-3694-3b0a-b651-9ac5b7c29766  |t 0 
952 f f |a Texas A&M University  |b College Station  |c Electronic Resources  |s www_evans  |d Available Online  |t 0  |e HRG-1999-SJS-0018  |h Other scheme 
998 f f |a HRG-1999-SJS-0018  |t 0  |l Available Online